America for sale
Guardado en:
| Autor principal: | |
|---|---|
| Formato: | Libro |
| Lenguaje: | Undetermined |
| Publicado: |
Garden City
Doubleday
1978
|
| Materias: | |
| Etiquetas: |
Agregar Etiqueta
Sin Etiquetas, Sea el primero en etiquetar este registro!
|
| Thư viện lưu trữ: | Trung tâm Học liệu Trường Đại học Cần Thơ |
|---|
| LEADER | 00501nam a2200193Ia 4500 | ||
|---|---|---|---|
| 001 | CTU_82116 | ||
| 008 | 210402s9999 xx 000 0 und d | ||
| 082 | |a 332.673 | ||
| 082 | |b C953 | ||
| 100 | |a Crowe, Kenneth C. | ||
| 245 | 0 | |a America for sale | |
| 245 | 0 | |c Kenneth C. Crowe | |
| 260 | |a Garden City | ||
| 260 | |b Doubleday | ||
| 260 | |c 1978 | ||
| 650 | |a Investments, foreign | ||
| 650 | |z United States | ||
| 904 | |i Trọng Hải | ||
| 980 | |a Trung tâm Học liệu Trường Đại học Cần Thơ | ||